000 00342 a2200157 4500
001 73676
020 _a8588543095
040 _cAnchieta - Colégio São Paulo
100 _aUanhenga Xitu
240 1 0 _a"Mestre" Tamoda
_lpor
245 1 0 _a"Mestre" Tamoda
300 _a163
362 0 _a2004
650 4 _aFicção portuguesa
942 _cBK
999 _c73676
_d73676